Equipe de France 2022/2023 - Statistiques

Statistiques générales
  • Ce quiz a été pris 155 fois
  • Le résultat moyen est 14 sur 22
Statistiques - réponses
Réponse % Correct
2-0
92%
1-0
88%
3-1
88%
1-2
87%
4-1
86%
2-1
83%
Mbappe
81%
Giroud
79%
Griezmann
72%
4-0
69%
1-0
67%
0-3
66%
0-1
64%
2-0
64%
2-0
62%
Hernandez
48%
Kolo Muani
45%
Tchouameni
43%
Pavard
36%
Rabiot
33%
Upamecano
28%
3-3 (4-2)
15%
Aucun quiz correspondant
Distribution des résultats
% des personnes avec chaque résultat
Percentile par nombre de réponses
Votre historique - résultats
Vous n’avez pas pris ce quiz